000 00326nam a2200121Ia 4500
008 171211s9999 xx 000 0 und d
020 _a9789746522908
100 _aSchineider, Mary-Jane
245 _aIntroduction to Public Health
250 _a4th Edition
260 _bJones & Bartlett Learning
_c2014
300 _a622 pages
999 _c350833
_d350833